Mukti / (Record no. 43815)

MARC details
000 -LEADER
fixed length control field 01202njm a22002657a 4500
005 - DATE AND TIME OF LATEST TRANSACTION
control field 20100904151523.0
006 - FIXED-LENGTH DATA ELEMENTS--ADDITIONAL MATERIAL CHARACTERISTICS--GENERAL INFORMATION
fixed length control field a|||||r|||||00| 0
007 - PHYSICAL DESCRIPTION FIXED FIELD--GENERAL INFORMATION
fixed length control field sd ammalaaahaa
008 - FIXED-LENGTH DATA ELEMENTS--GENERAL INFORMATION
fixed length control field 100830t xxu||||| |||| 00| 0 eng d
028 ## - PUBLISHER NUMBER
Publisher number N.52999
Source His Master's Voice
035 ## - SYSTEM CONTROL NUMBER
System control number GR-570
040 ## - CATALOGING SOURCE
Original cataloging agency SED
Transcribing agency SED
100 ## - MAIN ENTRY--PERSONAL NAME
9 (RLIN) 17814
245 ## - TITLE STATEMENT
Title Mukti /
Statement of responsibility, etc sung by Lata Mangeshkar; music by Molai Chakrovarti; lyrics by Munir Arzoo Kazmi
Medium [soung recording] :
246 ## - VARYING FORM OF TITLE
Title proper/short title मुक्ति /
260 ## - PUBLICATION, DISTRIBUTION, ETC. (IMPRINT)
Name of publisher, distributor, etc His Master's Voice
Place of publication, distribution, etc Dum Dum, India
300 ## - PHYSICAL DESCRIPTION
Extent 1 sound disc [Gramophone Recording] :
Other physical details analog, 33 1/3 rpm
Dimensions 9.5 in (MP)
Type of unit Gramophone Record
500 ## - GENERAL NOTE
General note Brief record
505 ## - FORMATTED CONTENTS NOTE
Formatted contents note Side-1 दिल लुभा के मेरे साथी भूल जाना ना (Dil lubha ke mere sathi bhul jana na) (Lata Mangeshkar) Side-2 बुझ जाये जो ज्योति जल जल कर (Bujh jaye jo jyoti jal jal kar) (Asha Bhosle)
650 ## - SUBJECT ADDED ENTRY--TOPICAL TERM
Topical term following geographic name as entry element Classical Music
General subdivision Excerpts.
Geographic subdivision India
9 (RLIN) 17460
700 ## - ADDED ENTRY--PERSONAL NAME
Personal name Chakrovarti, Molai
9 (RLIN) 18408
700 ## - ADDED ENTRY--PERSONAL NAME
Personal name Munir Arzoo Kazmi
9 (RLIN) 18409
942 ## - ADDED ENTRY ELEMENTS (KOHA)
Source of classification or shelving scheme Dewey Decimal Classification
Item type Gramaphone Records
Holdings
Withdrawn status Lost status Source of classification or shelving scheme Damaged status Not for loan Collection code Home library Current library Date acquired Source of acquisition Total Checkouts Barcode Date last seen Copy number Price effective from Koha item type
    Dewey Decimal Classification     Non-fiction Central Library Central Library 04/09/2010 SED/VEN   GR-570 04/09/2010 1 04/09/2010 Gramaphone Records

© Delhi Public Library
Hit Counter
free hit counter